EGON SCHIELE : (Registro nro. 40276)

Detalles MARC
000 -CABECERA
campo de control de longitud fija 00656nam a2200205Ia 4500
005 - FECHA Y HORA DE LA ÚLTIMA TRANSACCIÓN
campo de control 20260225203119.0
008 - DATOS DE LONGITUD FIJA--INFORMACIÓN GENERAL
campo de control de longitud fija 210422s2001 gw ac 001 0 spa d
020 ## - NÚMERO INTERNACIONAL ESTÁNDAR DEL LIBRO
Número Internacional Estándar del Libro 3-8228-0957-8
041 ## - CÓDIGO DE LENGUA
Código de lengua del texto/banda sonora o título independiente ESPAÑOL
082 ## - NÚMERO DE LA CLASIFICACIÓN DECIMAL DEWEY
Número de clasificación 759.36 / S73
100 ## - ENTRADA PRINCIPAL--NOMBRE DE PERSONA
Nombre de persona STEINER, REINHARD
245 #0 - MENCIÓN DE TÍTULO
Título EGON SCHIELE :
Resto del título 1890-1918
260 ## - PUBLICACIÓN, DISTRIBUCIÓN, ETC.
Lugar de publicación, distribución, etc. ALEMANIA :
Nombre del editor, distribuidor, etc. TASCHEN ,
Fecha de publicación, distribución, etc. 2001 .
300 ## - DESCRIPCIÓN FÍSICA
Extensión 96 páginas ;
Dimensiones 18.6 x 23 cm
650 ## - PUNTO DE ACCESO ADICIONAL DE MATERIA--TÉRMINO DE MATERIA
Fuente del encabezamiento o término LAS ARTES BELLAS ARTES Y ARTES DECORATIVAS
650 ## - PUNTO DE ACCESO ADICIONAL DE MATERIA--TÉRMINO DE MATERIA
Fuente del encabezamiento o término PINTURA Y PINTURAS
650 ## - PUNTO DE ACCESO ADICIONAL DE MATERIA--TÉRMINO DE MATERIA
Fuente del encabezamiento o término TRATAMIENTO HISTÓRICO, GEOGRÁFICO, DE PERSONAS
700 ## - PUNTO DE ACCESO ADICIONAL--NOMBRE DE PERSONA
Nombre de persona SÁNCHEZ RODRIGUEZ , CARMEN
Numeración TRADUCCIÓN AL ALEMÁN
942 ## - ELEMENTOS DE PUNTO DE ACCESO ADICIONAL (KOHA)
Tipo de ítem Koha General jóvenes y Adultos
Fuente del sistema de clasificación o colocación Dewey Decimal Classification
Existencias
Estado de retiro Estado de pérdida Fuente del sistema de clasificación o colocación Estado dañado No para préstamo Código de colección Localización permanente Ubicación/localización actual Ubicación en estantería Fecha de adquisición Fuente de adquisición Total de préstamos Signatura topográfica completa Código de barras Fecha visto por última vez Número de copia Precio válido a partir de Tipo de ítem Koha
    Dewey Decimal Classification   Préstamo en Sala Colección General BFC BIBLIOTECA PÚBLICA CENTRAL ESTATAL “FRANCISCO CERVANTES” BIBLIOTECA PÚBLICA CENTRAL ESTATAL “FRANCISCO CERVANTES” ACCESO "B" PLANTA BAJA 02/25/2026 DGB   759.36 / S73 26492 04/22/2021 EJ.1 04/22/2021 General jóvenes y Adultos